| 000 | 00910nac a22002291u 4500 | ||
|---|---|---|---|
| 008 | 091208t xxu||||| |||| 00| 0 eng d | ||
| 020 | _a0443071454 | ||
| 020 | _a0443072027 (international ed) | ||
| 082 |
_a615.1 _bPHA _222 |
||
| 100 |
_a20080729 _99755 |
||
| 245 |
_aPharmacology / _cH.P. Rang ... [et al.] ; illustrations by Peter Lamb |
||
| 250 | _a5th ed. | ||
| 260 |
_aEdinburgh : _bChurchill Livingstone, _c2003. |
||
| 300 |
_axii, 797 p. : _bill. (some col.) ; _c28 cm. |
||
| 500 | _aPrevious ed.: 1999. | ||
| 504 | _aIncludes bibliographical references and index. | ||
| 650 |
_aPharmacology. _99756 |
||
| 650 |
_aChemotherapy. _99757 |
||
| 700 |
_aRang, H. P. _99758 |
||
| 942 |
_cBB _k615.58PHA _2ddc |
||
| 999 |
_c1628 _d1628 |
||